WCW Wrestlers by Picture - Statistics

General Stats
  • This quiz has been taken 575 times
  • The average score is 20 of 32
Answer Stats
Picture Answer % Correct
Sting
97%
Booker T
96%
'Hollywood' Hulk Hogan
95%
Goldberg
94%
Ric Flair
94%
Rey Mysterio Jr.
90%
Kevin Nash
89%
Randy Savage
86%
Scott Hall
85%
Vader
85%
Scott Steiner
83%
Lex Luger
81%
Syxx / X-Pac
80%
Eric Bischoff
79%
Stevie Ray
79%
'Mean' Mark Callous / The Undertaker
77%
The Giant / Paul Wight
76%
AJ Styles
71%
Raven
67%
Jeff Jarrett
65%
Perry Saturn
59%
Virgil
59%
La Parka
46%
Meng
44%
Rick 'The Model' Martel
35%
Mortis / Chris Kanyon
25%
Nick Patrick
23%
'Beautiful' Bobby Eaton
22%
Psicosis
22%
Elix Skipper
18%
Scotty Riggs
17%
Kid Romeo
5%
No matching quizzes found
Score Distribution
Percent of People with Each Score
Percentile by Number Answered
Your Score History
You have not taken this quiz